Medzinárodnoprávna úprava využívania vzdušného priestoru dizertačná práca

Salvato in:
Dettagli Bibliografici
Autore principale: Klenka, Michal
Ente Autore: Ekonomická univerzita v Bratislave. Fakulta medzinárodných vzťahov
Altri autori: Mráz, Stanislav
Natura: Libro
Lingua:slovacco
Pubblicazione: Bratislava 2019
Soggetti:
Tags: Aggiungi Tag
Nessun Tag, puoi essere il primo ad aggiungerne!!

MARC

LEADER 00000nbm a2200000 4500
001 0257824
005 20230227105948.2
041 0 |a slo 
044 |a SK 
245 1 0 |a Medzinárodnoprávna úprava využívania vzdušného priestoru  |b dizertačná práca  |c Michal Klenka ; školiteľ: Stanislav Mráz 
264 1 |a Bratislava  |c 2019 
300 |a 155 s. 
610 2 0 |a právo medzinárodné 
610 2 0 |a priestor nadzemný 
610 2 0 |a priestor kozmický 
610 2 0 |a doprava letecká medzinárodná 
610 2 0 |a bezpečnosť 
610 2 0 |a ochrana civilná 
100 1 |a Klenka, Michal 
700 1 |a Mráz, Stanislav 
710 2 |a Ekonomická univerzita v Bratislave. Fakulta medzinárodných vzťahov